Complex population dynamics : (Record no. 7042)

MARC details
000 -LEADER
fixed length control field 01360cam a22003374a 4500
001 - CONTROL NUMBER
control field 12685215
003 - CONTROL NUMBER IDENTIFIER
control field OSt
005 - DATE AND TIME OF LATEST TRANSACTION
control field 20210830123350.0
008 - FIXED-LENGTH DATA ELEMENTS--GENERAL INFORMATION
fixed length control field 020215s2003 njua b 001 0 eng
010 ## - LIBRARY OF CONGRESS CONTROL NUMBER
LC control number 2002022721
020 ## - INTERNATIONAL STANDARD BOOK NUMBER
International Standard Book Number 0691090203 (alk. paper)
020 ## - INTERNATIONAL STANDARD BOOK NUMBER
International Standard Book Number 0691090211 (pbk. : alk. paper)
035 ## - SYSTEM CONTROL NUMBER
System control number (DLC) 2002022721
040 ## - CATALOGING SOURCE
Original cataloging agency DLC
Transcribing agency DDC
Modifying agency DLC
042 ## - AUTHENTICATION CODE
Authentication code pcc
050 00 - LIBRARY OF CONGRESS CALL NUMBER
Classification number QH352
Item number .T83 2003
082 00 - DEWEY DECIMAL CLASSIFICATION NUMBER
Classification number 577.88TUR2003
100 1# - MAIN ENTRY--PERSONAL NAME
Personal name Turchin, Peter,
Dates associated with a name 1957-
9 (RLIN) 14482
245 10 - TITLE STATEMENT
Title Complex population dynamics :
Remainder of title a theoretical/empirical synthesis /
Statement of responsibility, etc. Peter Turchin.
260 ## - PUBLICATION, DISTRIBUTION, ETC. (IMPRINT)
Place of publication, distribution, etc. Princeton, N.J. :
Name of publisher, distributor, etc. Princeton University Press,
Date of publication, distribution, etc. c2003.
300 ## - PHYSICAL DESCRIPTION
Extent xvii, 450 p. :
Other physical details ill. ;
Dimensions 23 cm.
440 #0 - SERIES STATEMENT/ADDED ENTRY--TITLE
Title Monographs in population biology ;
Volume/sequential designation 35
9 (RLIN) 14483
504 ## - BIBLIOGRAPHY, ETC. NOTE
Bibliography, etc Includes glossary,references and index.
650 #0 - SUBJECT ADDED ENTRY--TOPICAL TERM
Topical term or geographic name as entry element Biology.
9 (RLIN) 5602
856 41 - ELECTRONIC LOCATION AND ACCESS
Materials specified Sample text
Uniform Resource Identifier <a href="http://www.loc.gov/catdir/samples/prin031/2002022721.html">http://www.loc.gov/catdir/samples/prin031/2002022721.html</a>
856 42 - ELECTRONIC LOCATION AND ACCESS
Materials specified Publisher description
Uniform Resource Identifier <a href="http://www.loc.gov/catdir/description/prin031/2002022721.html">http://www.loc.gov/catdir/description/prin031/2002022721.html</a>
856 41 - ELECTRONIC LOCATION AND ACCESS
Materials specified Table of contents
Uniform Resource Identifier <a href="http://www.loc.gov/catdir/toc/prin032/2002022721.html">http://www.loc.gov/catdir/toc/prin032/2002022721.html</a>
906 ## - LOCAL DATA ELEMENT F, LDF (RLIN)
a 7
b cbc
c orignew
d 1
e ocip
f 20
g y-gencatlg
942 ## - ADDED ENTRY ELEMENTS (KOHA)
Source of classification or shelving scheme Dewey Decimal Classification
Koha item type Open Shelf
Holdings
Withdrawn status Lost status Source of classification or shelving scheme Damaged status Not for loan Home library Current library Date acquired Source of acquisition Inventory number Total Checkouts Full call number Barcode Date last seen Price effective from Koha item type
    Dewey Decimal Classification     MUST Main Library MUST Main Library 30/08/2021 Purchase 12/36695   577.88TUR2003 2021-0730 30/08/2021 30/08/2021 Open Shelf